000 00526nam a2200181Ia 4500
008 240925s9999 xx 000 0 und d
020 _a138874077
082 _a005.43 STA
100 _aStallings, William
245 0 _aOperating Systems: internals and design principles
250 _a3rd
260 _aNew Jersey:
_bPrintice- Hall Int.
_c,1998.
300 _axviii,1139p.
_bNA
_fPirated
500 _aIncludes Index
600 _aComputer Science
650 _aComputer science, information & general works
942 _cBK
999 _c6450
_d6450